名字含“水”的县区 Counties with water in their names - Statistics

General Stats
  • This quiz has been taken 146 times
  • The average score is 15 of 39
Answer Stats
省区 县区 % Correct
贵州 水城区
65%
广东 三水区
60%
海南 陵水黎族自治县
59%
江苏 溧水区
51%
陕西 白水县
49%
湖北 广水市
47%
江苏 涟水县
47%
山东 沂水县
47%
河南 金水区
46%
山东 泗水县
45%
云南 泸水市
44%
甘肃 清水县
44%
贵州 习水县
43%
江苏 响水县
43%
贵州 赤水市
42%
云南 水富市
41%
湖北 浠水县
41%
江西 修水县
41%
重庆 彭水苗族土家族自治县
40%
四川 黑水县
39%
四川 邻水县
38%
湖南 冷水江市
37%
山西 沁水县
37%
河北 徐水区
37%
河北 涞水县
36%
内蒙古 清水河县
36%
湖南 冷水滩区
35%
陕西 柞水县
35%
云南 建水县
33%
河南 商水县
33%
江西 吉水县
32%
甘肃 合水县
31%
贵州 惠水县
31%
西藏 曲水县
29%
山西 文水县
27%
江西 渝水区
27%
广西 融水苗族自治县
26%
黑龙江 明水县
24%
新疆 水磨沟区
19%
No matching quizzes found
Score Distribution
Percent of People with Each Score
Percentile by Number Answered
Your Score History
You have not taken this quiz